| 000 | 01292nam a22003017a 4500 | ||
|---|---|---|---|
| 008 | 130821s2006 ck gr spa | ||
| 020 | _a9789588321097 | ||
| 040 |
_aCo-BoUCM _bspa |
||
| 041 | 0 | 0 | _aspa |
| 100 | 1 |
_aBello, Gilberto _9172010 |
|
| 245 | 1 | 0 |
_aBogotá en escena 2005 noventa ensayos de crítica teatral _cGilberto Bello, Carlos José Reyes, Luis Alberto Sanabria. |
| 260 |
_aBogotá (Colombia) _bInstituto Distrital de Cultura y Turismo _c2006 |
||
| 300 | _a381 páginas | ||
| 490 | _aColección Teatro en Estudio | ||
| 504 | _aIncluye índice. | ||
| 650 | 0 | 4 |
_aCrítica teatral _zColombia _vEnsayos, conferencias, etc. _912206 |
| 650 | 0 | 4 |
_aLiteratura colombiana _918629 |
| 650 | 0 | 4 |
_aLiteratura colombiana _xHistoria y crítica _974041 |
| 650 | 0 | 4 |
_aTeatro callejero _zColombia _xHistoria y crítica _925052 |
| 650 | 0 | 4 |
_aTeatro colombiano _xHistoria y crítica _9105946 |
| 650 | 0 | 4 |
_aTeatro _xHistoria y crítica _925046 |
| 700 | 1 |
_aReyes, Carlos José _966563 |
|
| 700 | 1 |
_aSanabria, Luis Alberto _9172011 |
|
| 710 | 2 |
_aBogotá (Colombia). _bAlcaldía Mayor _947601 |
|
| 710 | 2 |
_aBogotá (Colombia). _bAlcaldía Mayor. _bInstituto Distrital de Cultura y Turismo. IDCT _964155 |
|
| 942 |
_cLIBRO _a18 _e1 _kC _mB417b _2DEWEY _h862.44 |
||
| 999 |
_c92788 _d92788 |
||